[Event "Cairo Al Ain op"]
[Site "Cairo"]
[Date "2023.12.03"]
[Round "10"]
[White "Ibrahim Mostafa, Mohamed"]
[Black "Shabaan, Osama M"]
[Result "0-1"]
[WhiteElo "1526"]
[BlackElo "1885"]
[PlyCount "50"]
[EventDate "2023.11.27"]
[EventType "swiss"]
[EventRounds "10"]
[EventCountry "EGY"]
[SourceTitle "CB49_2023"]
[SourceDate "2023.12.06"]
[SourceVersion "1"]
[SourceVersionDate "2023.12.06"]
[SourceQuality "1"]

1. e4 c5 2. Nf3 Nc6 3. Bb5 a6 4. Bxc6 dxc6 5. 0-0 Qc7 6. c3 Bg4 7. d4 Rd8 8. Be3 e5 9. Bg5 f6 10. Be3 cxd4 11. cxd4 exd4 12. Bc1 Bd6 13. h3 Bc8 14. Re1 Ne7 15. e5 fxe5 16. Nxe5 0-0 17. Nd3 c5 18. Bg5 c4 19. Nc1 h6 20. Bh4 g5 21. Bg3 Bxg3 22. fxg3 Qxg3 23. Ne2 Qf2+ 24. Kh1 Nf5 25. Rf1 Qxe2 0-1

[Event "Cairo Al Ain op"]
[Site "Cairo"]
[Date "2023.11.30"]
[Round "6"]
[White "Ibrahim Mostafa, Mohamed"]
[Black "Elsenbary, Elsayed"]
[Result "0-1"]
[WhiteElo "1526"]
[BlackElo "1818"]
[PlyCount "42"]
[EventDate "2023.11.27"]
[EventType "swiss"]
[EventRounds "10"]
[EventCountry "EGY"]
[SourceTitle "CB49_2023"]
[SourceDate "2023.12.06"]
[SourceVersion "1"]
[SourceVersionDate "2023.12.06"]
[SourceQuality "1"]

1. e4 c5 2. Nf3 g6 3. d4 cxd4 4. Nxd4 Bg7 5. Nc3 Nc6 6. Be3 Nf6 7. Bc4 0-0 8. Bb3 d6 9. f3 Na5 10. Qd2 Nxb3 11. axb3 Re8 12. Bh6 Bh8 13. 0-0-0 Bd7 14. g4 a5 15. g5 Nh5 16. Nde2 a4 17. Ng3 a3 18. bxa3 Rxa3 19. Nxh5 gxh5 20. Kb2 Qa5 21. f4 Ra2+ 0-1